<?xml version="1.0" encoding="UTF-8"?>
<marc:record xmlns:marc="http://www.loc.gov/MARC21/slim">
   <marc:leader>00000nam a2200000 a 4500</marc:leader>
   <marc:datafield ind1="1" ind2=" " tag="100">
      <marc:subfield code="a">Funke, Cornelia</marc:subfield>
      <marc:subfield code="4">aut</marc:subfield>
      <marc:subfield code="e">Verfasser/-in</marc:subfield>
   </marc:datafield>
   <marc:datafield ind1="1" ind2=" " tag="100">
      <marc:subfield code="a">Buck, Detlev</marc:subfield>
      <marc:subfield code="4">ctb</marc:subfield>
      <marc:subfield code="e">Mitwirkende/-r</marc:subfield>
   </marc:datafield>
   <marc:datafield ind1="1" ind2=" " tag="100">
      <marc:subfield code="a">Mannhardt, Zoe͏̈ Ch.</marc:subfield>
      <marc:subfield code="4">ctb</marc:subfield>
      <marc:subfield code="e">Mitwirkende/-r</marc:subfield>
   </marc:datafield>
   <marc:datafield ind1="1" ind2=" " tag="100">
      <marc:subfield code="a">Thalbach, Katharina</marc:subfield>
      <marc:subfield code="4">ctb</marc:subfield>
      <marc:subfield code="e">Mitwirkende/-r</marc:subfield>
   </marc:datafield>
   <marc:datafield ind1="1" ind2=" " tag="100">
      <marc:subfield code="a">Herbst, Christoph M.</marc:subfield>
      <marc:subfield code="4">ctb</marc:subfield>
      <marc:subfield code="e">Mitwirkende/-r</marc:subfield>
   </marc:datafield>
   <marc:datafield ind1="0" ind2="0" tag="245">
      <marc:subfield code="a">Hände weg von Mississippi</marc:subfield>
   </marc:datafield>
   <marc:datafield ind1="0" ind2="0" tag="245">
      <marc:subfield code="c">Cornelia Funke ; Regie von Detlev Buck ; Sprecher: Zoe͏̈ Ch. Mannhardt ; Sprecher: Katharina Thalbach ; Sprecher: Christoph M. Herbst</marc:subfield>
   </marc:datafield>
   <marc:datafield ind1=" " ind2="1" tag="264">
      <marc:subfield code="a">Hamburg</marc:subfield>
      <marc:subfield code="b">Oetinger Media GmbH</marc:subfield>
      <marc:subfield code="c">2008</marc:subfield>
   </marc:datafield>
   <marc:datafield ind1="1" ind2=" " tag="520">
      <marc:subfield code="a">Angaben aus der Verlagsmeldung

Hände weg von Mississippi / von Cornelia Funke

Sommer, Sonne, Ferien! Ein Pferdewestern aus dem deutschen Norden Endlich Sommerferien! Emma kann es kaum erwarten, zu ihrer Oma aufs Land zu fahren. Und diesmal wird es besonders aufregend: Oma Dolly schenkt Emma das Pferd vom alten Klipperbusch, die Stute Mississippi. Doch plötzlich will dessen fieser Neffe, genannt der „Alligator“, das Tier wieder zurück. Er hat mit dem Erbe seines Onkels Großes vor, und dazu benötigt er Mississippi. Emma und ihre Oma trauen dem Alligator nicht über den Weg und stecken plötzlich mitten in einem aufregenden Abenteuer! Einer der erfolgreichsten Kinderfilme 2007 - mit Katharina Thalbach, Christoph Maria Herbst u.v.a. Die DVD enthält zahlreiche Extras: Making of, Hörfilmfassung, Untertitel u.a.
</marc:subfield>
   </marc:datafield>
   <marc:datafield ind1=" " ind2=" " tag="020">
      <marc:subfield code="a">9783837350272</marc:subfield>
      <marc:subfield code="9">9783837350272</marc:subfield>
   </marc:datafield>
   <marc:datafield ind1=" " ind2=" " tag="020">
      <marc:subfield code="a">3837350274</marc:subfield>
      <marc:subfield code="9">3837350274</marc:subfield>
   </marc:datafield>
   <marc:datafield ind1=" " ind2=" " tag="041">
      <marc:subfield code="a">ger</marc:subfield>
   </marc:datafield>
</marc:record>
